[Event "Petroupoli op 7th"]
[Site "Petroupoli"]
[Date "2011.11.23"]
[Round "4"]
[White "Fanos, Haralambos"]
[Black "Dimoudis, Konstantinos"]
[Result "1-0"]
[WhiteElo "1010"]
[BlackElo "1005"]
[PlyCount "49"]
[EventDate "2011.11.12"]
[EventType "swiss"]
[EventRounds "7"]
[EventCountry "GRE"]
[SourceTitle "EXT 2013"]
[Source "ChessBase"]
[SourceDate "2012.11.22"]
[SourceVersion "1"]
[SourceVersionDate "2012.11.22"]
[SourceQuality "1"]

1. e4 c6 2. d4 d5 3. e5 e6 4. Nc3 c5 5. Nf3 Nc6 6. Bb5 Bd7 7. Bxc6 Bxc6 8. g4 h6 9. g5 Qb6 10. Be3 Qxb2 11. Ne2 b6 12. 0-0 Qb5 13. Nc3 Qa6 14. Qd3 Qb7 15. g6 f6 16. h4 h5 17. Nb5 Rd8 18. Rfb1 a6 19. Nc3 Qc7 20. exf6 Nxf6 21. Qxa6 Rb8 22. dxc5 d4 23. cxb6 Qb7 24. Qxb7 Rxb7 25. Ne5 1-0